000 00579nam a2200181Ia 4500
005 20250508155244.0
008 008 250505s9999 xx 000 0 eng d
037 _aBooks to be hide in OPAC
040 _aFEDL
_beng
_cFEDL
041 _aeng
_2eng
084 _a378.54, UNI/O
_qFEDL
245 0 _aReport of the university grants commission April 1960 to March 1961
245 0 _cUNIVERSITY GRANTS COMMISSION
260 _aNew Delhi, India
_bUniversity Grants Commission
_c1962
300 _aiii,49p
942 _cHB
_h378.54, UNI/O
999 _c1355544
_d1355544